Miglior risultato agli Europei - Quiz n°3 - Statistics

Statistiche generali
  • Questo quiz è stato fatto 18 volte
  • Il punteggio medio è 7 su 11
Statistiche sulle risposte
Hint Risposta % Corretto
Spagna Campione
100%
Italia Campione
100%
Paesi Bassi Campione
88%
Russia / Unione Sovietica Campione
81%
Svizzera Quarti di finale
69%
Norvegia Fase a gironi
56%
Svezia Semifinale
50%
Scozia Fase a gironi
44%
Romania Quarti di finale
44%
Inghilterra Secondo posto
38%
Ungheria Semifinale
25%
Nessun quiz corrispondente trovato
Distribuzione punteggi
Percentuale di utenti per punteggio
Percentile per numero di risposta
I tuoi punteggi nel tempo
Non hai fatto questo quiz